| 000 | 00481nam a2200193Ia 4500 | ||
|---|---|---|---|
| 003 | OSt | ||
| 005 | 20260121122311.0 | ||
| 008 | 250729s1992 xx 000 0 und d | ||
| 040 | _cAL | ||
| 041 | _aeng | ||
| 082 | _a500.7 LOBS | ||
| 100 |
_aLobo Inette _9227818 |
||
| 245 | _aScience process skills of science teachers a project report | ||
| 260 |
_aMangalore _c1992 |
||
| 300 | _a89p | ||
| 650 |
_aScience _9227819 |
||
| 700 |
_aRao Digumurthi _9227820 |
||
| 942 |
_2ddc _cBED |
||
| 999 |
_c237777 _d237777 |
||